Statistics for KDL Lesson 2 Vocabulary - Cornish to English

Click here to take the quiz!

General Stats

  • This quiz has been taken 12 times
  • The average score is 9 of 32

Answer Stats

CornishEnglish% Correct
frynkekFrench (Adj.)
71%
FrynkekFrench (language)
71%
mamm (f)mother
71%
BretonBreton (person)
57%
BretonekBreton (language)
43%
Pow FrynkFrance
43%
YannBreton for John
43%
a skrifwrites
43%
Breten2 VyghanBrittany
29%
dre lytherby letter
29%
marnasexcept
29%
kowethfriend; comrade
29%
kowethafriends; comrades
29%
hweghkornhexagon
29%
lytherowletters
29%
rann (f)part
29%
kesskriferpenfriend; correspondent
29%
byghansmall
29%
ganswith; by
29%
ha'y2and his
14%
ny2 gewsdoes not speak
14%
kothmanfriend
14%
meurgreat
14%
y2his
14%
byttegynshowever
14%
rewlys ywit is governed
14%
ny ... marnasonly
14%
hwoer (f)sister
14%
dhe2to
14%
p'eurwhen
14%
piwwho
14%
pandr'a2what does
0%

Score Distribution

Percentile by Number Answered

Percent of People with Each Score

Your Score History

You have not taken this quiz